[Event "ChessOrg-Schachfestival 2022-Senioren"]
[Site "Bad Woerishofen"]
[Date "2022.03.11"]
[Round "1.1"]
[White "Pruefer, Friedbert"]
[Black "Di Lazzaro, Gabriele"]
[Result "1-0"]
[WhiteElo "2227"]
[BlackElo "1768"]
[PlyCount "81"]
[EventDate "2022.??.??"]
[WhiteTeam "TSG 1861 Taucha"]
[BlackTeam "Richter - Bolzano"]

{[%evp 0,81,30,10,43,-14,38,-16,64,61,56,57,57,30,89,80,90,90,85,45,111,65,90,
45,45,23,27,27,19,25,24,27,33,18,17,33,33,24,34,41,38,38,33,41,41,19,44,32,63,
28,78,91,197,230,228,225,284,359,360,320,345,356,347,352,371,373,395,376,397,
377,425,455,482,339,351,354,344,350,350,368,372,405,420,485]} 1. d4 Nf6 2. c4
e5 3. dxe5 Ne4 4. Nf3 Bb4+ 5. Nbd2 Nc6 6. a3 Nxd2 7. Bxd2 Bxd2+ 8. Qxd2 Qe7 9.
Qd5 a5 10. e3 a4 11. Be2 Ra5 12. Qd2 b6 13. O-O Nxe5 14. Nd4 Bb7 15. f4 Nc6 16.
Nb5 d6 17. Nc3 Nd8 18. Bd1 Bc6 19. Bf3 Bxf3 20. Rxf3 O-O 21. Nd5 Qd7 22. e4 Kh8
23. Qc3 Ne6 24. Re1 Rc5 25. f5 Ng5 26. Rg3 f6 27. h4 Nxe4 28. Rxe4 Qxf5 29.
Rge3 Qh5 30. Nf4 Qf7 31. Ne6 Re5 32. Nxf8 Qxf8 33. Rxe5 dxe5 34. Qd2 h6 35. Rd3
Qc5+ 36. Qe3 Qxc4 37. Rd8+ Kh7 38. Qd3+ Qxd3 39. Rxd3 Kg6 40. Rd7 f5 41. Rxc7
1-0

[Event "ChessOrg-Schachfestival 2022-Senioren"]
[Site "Bad Woerishofen"]
[Date "2022.03.11"]
[Round "1.2"]
[White "Loibl, Johann"]
[Black "Kierzek, Matthias"]
[Result "0-1"]
[WhiteElo "1762"]
[BlackElo "2209"]
[PlyCount "46"]
[EventDate "2022.??.??"]
[BlackTeam "SC Fulda"]

1. e4 c6 2. d4 d5 3. Nc3 dxe4 4. Nxe4 Nf6 5. Nxf6+ exf6 6. Nf3 Bd6 7. Be2 O-O
8. O-O Re8 9. Re1 Nd7 10. Bd2 Nf8 11. Bc3 Ng6 12. g3 Bf5 13. Bd3 Qd7 14. Bxf5
Qxf5 15. Rxe8+ Rxe8 16. Ne1 Re4 17. Ng2 Re8 18. Qd2 h5 19. Ne3 Qh3 20. Qd3 Nh4
21. Qe2 Re4 22. Qxh5 g6 23. Qe2 f5 0-1

[Event "ChessOrg-Schachfestival 2022-Senioren"]
[Site "Bad Woerishofen"]
[Date "2022.03.11"]
[Round "1.3"]
[White "Koehler, Gerhard"]
[Black "Strohbusch, Frank"]
[Result "1-0"]
[WhiteElo "2208"]
[BlackElo "1762"]
[PlyCount "109"]
[EventDate "2022.??.??"]
[WhiteTeam "USV Halle"]
[BlackTeam "SK Freising"]

1. c4 Nf6 2. Nc3 c5 3. g3 Nc6 4. Bg2 g6 5. a3 Bg7 6. Rb1 O-O 7. b4 cxb4 8. axb4
Qc7 9. Nf3 a6 10. O-O Rb8 11. b5 Na5 12. d3 axb5 13. Nxb5 Qd8 14. e4 d6 15. Bd2
Nc6 16. Qe2 Bd7 17. Bc3 Qc8 18. Rfc1 Bg4 19. Qf1 Qd7 20. Ne1 e5 21. Nc2 Qe7 22.
Ne3 Bd7 23. Qe2 Rfc8 24. Bb2 Ne8 25. Nd5 Qe6 26. Rf1 Nd4 27. Bxd4 exd4 28. Nf4
Qe5 29. Nd5 f5 30. f4 Qe6 31. Nb6 Rc5 32. Nxd7 Qxd7 33. Bh3 Nc7 34. Nxc7 Rxc7
35. Rfe1 Re8 36. Qf2 Qf7 37. exf5 Rxe1+ 38. Rxe1 gxf5 39. Qe2 Kf8 40. Qe6 Re7
41. Qxe7+ Qxe7 42. Rxe7 Kxe7 43. Bxf5 h6 44. Kg2 Kf6 45. Be4 b6 46. Kh3 Bf8 47.
Kg4 Be7 48. h4 Bd8 49. Kh5 Kg7 50. Bd5 Be7 51. g4 Bf6 52. g5 hxg5 53. hxg5 Be7
54. f5 Kh7 55. f6 1-0

[Event "ChessOrg-Schachfestival 2022-Senioren"]
[Site "Bad Woerishofen"]
[Date "2022.03.11"]
[Round "1.4"]
[White "Flockerzi, Armin"]
[Black "Babar, Michael"]
[Result "0-1"]
[WhiteElo "1761"]
[BlackElo "2151"]
[PlyCount "58"]
[EventDate "2022.??.??"]
[WhiteTeam "VfR-SC Koblenz"]
[BlackTeam "SC Hansa Dortmund e.V."]

1. Nf3 d6 2. d4 g6 3. g3 Bg7 4. c3 Nf6 5. Bg2 O-O 6. O-O Nbd7 7. Re1 c6 8. Nbd2
Qc7 9. e4 e5 10. b3 Re8 11. Bb2 Nf8 12. Qc2 Bg4 13. dxe5 dxe5 14. c4 Bxf3 15.
Bxf3 c5 16. Rad1 Ne6 17. Nf1 Nd4 18. Bxd4 cxd4 19. Qd3 Bf8 20. Re2 Bb4 21. Rc2
Rad8 22. Be2 Nd7 23. Qf3 Nc5 24. Bd3 a5 25. Re2 Rd5 26. Nd2 a4 27. Rb1 Qa5 28.
Rb2 Kg7 29. Bb1 a3 0-1

[Event "ChessOrg-Schachfestival 2022-Senioren"]
[Site "Bad Woerishofen"]
[Date "2022.03.11"]
[Round "1.5"]
[White "Neubauer, Bernd"]
[Black "Kievelitz, Bernd"]
[Result "1-0"]
[WhiteElo "2141"]
[BlackElo "1745"]
[PlyCount "61"]
[EventDate "2022.??.??"]
[WhiteTeam "ESV 1949 Eberswalde e.V."]
[BlackTeam "SC Zitadelle Spandau 1977 e.V."]

1. d4 Nf6 2. Nf3 b6 3. Nbd2 Bb7 4. e3 e6 5. Bd3 Be7 6. e4 d6 7. O-O Nbd7 8. c4
e5 9. d5 a5 10. b3 O-O 11. a3 Nc5 12. Bc2 g6 13. Ne1 Nh5 14. g3 Bc8 15. Ng2 Bh3
16. Bb2 Ng7 17. f4 Bxg2 18. Kxg2 Nd7 19. Nf3 Bf6 20. f5 g5 21. g4 Ne8 22. Qd2
Kh8 23. Rh1 Rg8 24. Rag1 Nf8 25. Kf1 Qd7 26. h4 gxh4 27. g5 Be7 28. Rxh4 f6 29.
g6 c5 30. Qh2 Ra7 31. Bc1 1-0

[Event "ChessOrg-Schachfestival 2022-Senioren"]
[Site "Bad Woerishofen"]
[Date "2022.03.11"]
[Round "1.6"]
[White "Leser, Alfred"]
[Black "Mueller, Erich"]
[Result "0-1"]
[WhiteElo "1736"]
[BlackElo "2138"]
[PlyCount "56"]
[EventDate "2022.??.??"]
[WhiteTeam "Schachfreunde Mengen"]
[BlackTeam "SK 1962 Ladenburg"]

1. d4 d6 2. e4 Nf6 3. f4 Nxe4 4. Bd3 Nf6 5. Nf3 g6 6. O-O Bg7 7. c3 O-O 8. Qc2
e6 9. Nbd2 b6 10. b4 Bb7 11. a4 a5 12. b5 Nbd7 13. c4 e5 14. fxe5 dxe5 15. Bb2
Ng4 16. Rae1 exd4 17. Nxd4 Nc5 18. Rf4 Re8 19. Rxe8+ Qxe8 20. Nf1 Ne3 21. Qe2
Nxf1 22. Kxf1 Qxe2+ 23. Bxe2 Nxa4 24. Ba3 Rd8 25. Nc6 Bxc6 26. bxc6 Bf8 27. c5
Nxc5 28. Bxc5 bxc5 0-1

[Event "ChessOrg-Schachfestival 2022-Senioren"]
[Site "Bad Woerishofen"]
[Date "2022.03.11"]
[Round "1.7"]
[White "Daeubler, Heinrich"]
[Black "Kurpiela, Franz"]
[Result "1-0"]
[WhiteElo "2136"]
[BlackElo "1748"]
[PlyCount "67"]
[EventDate "2022.??.??"]
[WhiteTeam "SC Haselmuehl"]
[BlackTeam "TSG OEhringen"]

1. d4 Nf6 2. c4 e6 3. Nf3 b6 4. g3 Bb7 5. Bg2 c5 6. d5 exd5 7. Nh4 Be7 8. Nf5
g6 9. Nxe7 Qxe7 10. Nc3 d6 11. Bg5 h6 12. Nxd5 Bxd5 13. Bxf6 Qxf6 14. Bxd5 Qxb2
15. O-O O-O 16. Bxa8 Qe5 17. Qd3 Na6 18. Bd5 Nb4 19. Qxg6+ Qg7 20. Qxg7+ Kxg7
21. Rad1 Re8 22. e3 Re5 23. a3 Nxd5 24. Rxd5 Rxd5 25. cxd5 Kf6 26. e4 Ke5 27.
f3 c4 28. Rd1 b5 29. Kf2 a5 30. Ke3 b4 31. f4+ Kf6 32. axb4 axb4 33. Rb1 b3 34.
Kd4 1-0

[Event "ChessOrg-Schachfestival 2022-Senioren"]
[Site "Bad Woerishofen"]
[Date "2022.03.11"]
[Round "1.8"]
[White "Sakowski, Christian"]
[Black "Schatz, Christian"]
[Result "0-1"]
[WhiteElo "1745"]
[BlackElo "2122"]
[PlyCount "114"]
[EventDate "2022.??.??"]
[WhiteTeam "Schachclub Muelheim 08/25 e.V."]
[BlackTeam "SC Postbauer-Heng e.V"]

1. d4 Nf6 2. Nf3 g6 3. g3 Bg7 4. Bg2 O-O 5. O-O d6 6. c4 Nc6 7. Nc3 Bg4 8. e4
e5 9. d5 Nd4 10. Be3 Re8 11. h3 Nxf3+ 12. Bxf3 Bxh3 13. Bg2 Qd7 14. f3 Nh5 15.
Kh2 Bxg2 16. Kxg2 f5 17. Qd2 Rf8 18. Bh6 Nxg3 19. Kxg3 f4+ 20. Bxf4 exf4+ 21.
Kf2 Qh3 22. Ke2 a6 23. Rf2 Rae8 24. Rg1 Bf6 25. Kd3 Qd7 26. Rh2 Be5 27. Qg2 Re7
28. Nd1 b5 29. b3 bxc4+ 30. bxc4 Rg7 31. Qc2 Rb8 32. Nc3 Rb6 33. Rhh1 Rf7 34.
Rb1 Rxb1 35. Nxb1 c6 36. Nd2 Qa7 37. Re1 Rb7 38. Nb3 cxd5 39. exd5 Re7 40. Re4
Bf6 41. Qe2 Kf7 42. Rxe7+ Qxe7 43. Qxe7+ Kxe7 44. Ke2 h5 45. Kf1 Bb2 46. a4 Kf6
47. Kg2 Ke5 48. Kh2 Bc3 49. Kg2 g5 50. Kh2 Bb4 51. Kg2 g4 52. Kf2 Bc3 53. c5
dxc5 54. fxg4 hxg4 55. Nc1 Bd4+ 56. Kg2 Kxd5 57. Nd3 Ke4 0-1

[Event "ChessOrg-Schachfestival 2022-Senioren"]
[Site "Bad Woerishofen"]
[Date "2022.03.11"]
[Round "1.9"]
[White "Okrajek, Alexander"]
[Black "Titz, Waldemar"]
[Result "1-0"]
[WhiteElo "2120"]
[BlackElo "1742"]
[PlyCount "45"]
[EventDate "2022.??.??"]
[WhiteTeam "SC-Siegburg"]
[BlackTeam "SV Rottweil"]

1. Nf3 d5 2. c4 e6 3. g3 Nf6 4. Bg2 Be7 5. O-O O-O 6. b3 Nbd7 7. Bb2 b6 8. cxd5
exd5 9. d4 Bb7 10. Nbd2 Rc8 11. Rc1 c5 12. Re1 Re8 13. dxc5 Bxc5 14. Nd4 Bxd4
15. Bxd4 Rxc1 16. Qxc1 Qc8 17. Qb2 Qc6 18. Rc1 Qd6 19. Nf3 Rc8 20. Rxc8+ Bxc8
21. Bh3 Qc6 22. Bxd7 Bxd7 23. Ne5 1-0

[Event "ChessOrg-Schachfestival 2022-Senioren"]
[Site "Bad Woerishofen"]
[Date "2022.03.11"]
[Round "1.10"]
[White "Cerpnjak, Mirko"]
[Black "Rubke, Manfred"]
[Result "0-1"]
[WhiteElo "1738"]
[BlackElo "2095"]
[PlyCount "138"]
[EventDate "2022.??.??"]
[WhiteTeam "1. SC Groebenzell"]
[BlackTeam "TSV Haunstetten"]

1. e4 d5 2. exd5 Qxd5 3. Nc3 Qa5 4. d4 c6 5. Nf3 Nf6 6. Bd2 Bg4 7. Be2 Nbd7 8.
h3 Bh5 9. Ne5 Nxe5 10. dxe5 Qxe5 11. g4 Bg6 12. f4 Qc7 13. Bf3 e6 14. Qe2 O-O-O
15. O-O-O Bd6 16. Qe3 Kb8 17. Ne4 Nd5 18. Qf2 Bxf4 19. h4 h6 20. Rhf1 Bxd2+ 21.
Rxd2 Nb4 22. a3 Rxd2 23. Qxd2 Nd5 24. h5 Bxe4 25. Bxe4 Nf6 26. Bf3 Rd8 27. Qe3
Qa5 28. Qb3 Qc5 29. Be2 Rd7 30. Qg3+ Kc8 31. Rf4 Nd5 32. Re4 Qd6 33. Qf2 Kb8
34. Ra4 Nb6 35. Rf4 f6 36. Bd3 e5 37. Re4 Nd5 38. Re1 Nf4 39. Bf1 Qd4 40. Qxd4
Rxd4 41. c3 Rd6 42. Kc2 Kc7 43. Bc4 g5 44. Bg8 a5 45. Bh7 Nd5 46. b3 Nb6 47.
Bd3 Rd8 48. Re4 a4 49. b4 Nc8 50. Re2 Nd6 51. Re1 Kb6 52. Re2 c5 53. Re1 cxb4
54. cxb4 Rc8+ 55. Kb2 Nc4+ 56. Ka2 Nd2 57. Bf5 Rc4 58. Rd1 Rd4 59. Be6 Nb3 60.
Rxd4 Nxd4 61. Bd5 Kc7 62. Be4 Kd6 63. Bxb7 Ke6 64. Be4 f5 65. gxf5+ Nxf5 66.
Kb2 Nd6 67. Bg6 e4 68. Kc2 Ke5 69. Kc3 Nb5+ 0-1

[Event "ChessOrg-Schachfestival 2022-Senioren"]
[Site "Bad Woerishofen"]
[Date "2022.03.11"]
[Round "1.11"]
[White "Keller, Harald"]
[Black "Krueger, Detlef"]
[Result "1-0"]
[WhiteElo "2041"]
[BlackElo "1737"]
[PlyCount "21"]
[EventDate "2022.??.??"]
[WhiteTeam "SV Rottweil"]
[BlackTeam "TSG Rot-Weiß Fredersdorf/Vogelsdorf e.V."]

1. e4 d5 2. exd5 Nf6 3. d4 Qxd5 4. c4 Qe4+ 5. Be3 e5 6. d5 Bb4+ 7. Nd2 O-O 8.
a3 Bg4 9. axb4 Qxe3+ 10. fxe3 Bxd1 11. Rxd1 1-0

[Event "ChessOrg-Schachfestival 2022-Senioren"]
[Site "Bad Woerishofen"]
[Date "2022.03.11"]
[Round "1.12"]
[White "Schnell, Franz"]
[Black "Lange, Manfred"]
[Result "1/2-1/2"]
[WhiteElo "1737"]
[BlackElo "2028"]
[PlyCount "80"]
[EventDate "2022.??.??"]
[WhiteTeam "SC Nusplingen"]
[BlackTeam "SV Wuerzburg von 1865 e.V."]

1. d4 d5 2. Bf4 Nf6 3. e3 c6 4. c3 Qb6 5. Qc1 Bf5 6. Nf3 e6 7. Nh4 Bg6 8. Nxg6
hxg6 9. h3 Nbd7 10. Nd2 c5 11. Nf3 Rc8 12. Be2 Bd6 13. Ne5 Bxe5 14. dxe5 Ng8
15. Bg3 Ne7 16. Qd2 Nf5 17. Bh2 c4 18. Rb1 Nc5 19. O-O Ne4 20. Qd1 Qc6 21. Bg4
Nc5 22. Be2 Nh4 23. Qd4 Nf5 24. Qd2 b5 25. Rfc1 Ne4 26. Qe1 Nh4 27. f3 Nc5 28.
Bg3 Nf5 29. Bf2 Qc7 30. f4 O-O 31. g4 Ne7 32. Rd1 Nc6 33. Bf1 f6 34. exf6 Rxf6
35. Bh4 Rff8 36. Bg3 Ne4 37. Bh2 Qb6 38. Bg2 Nc5 39. Bf1 Ne4 40. Bg2 Nc5
1/2-1/2

[Event "ChessOrg-Schachfestival 2022-Senioren"]
[Site "Bad Woerishofen"]
[Date "2022.03.11"]
[Round "1.13"]
[White "Pfitzer, Norbert"]
[Black "Eibl, Guenter"]
[Result "1-0"]
[WhiteElo "2026"]
[BlackElo "1736"]
[PlyCount "93"]
[EventDate "2022.??.??"]
[WhiteTeam "SV Backnang"]
[BlackTeam "SF Muenchen"]

1. Nf3 d5 2. d4 Nf6 3. g3 e6 4. Bg2 c5 5. O-O Nc6 6. c4 Be7 7. cxd5 Nxd5 8. Nc3
Nxc3 9. bxc3 O-O 10. Rb1 Qc7 11. Qc2 h6 12. Rd1 cxd4 13. cxd4 Bd6 14. e4 Bd7
15. d5 exd5 16. exd5 Na5 17. Qxc7 Bxc7 18. Bd2 Rab8 19. d6 Bb6 20. Ne5 Be6 21.
Bxa5 Bxa5 22. Rxb7 Rxb7 23. Bxb7 Bb6 24. d7 Bxa2 25. Nc6 Bd8 26. Nxa7 Be6 27.
Nc6 f6 28. Kg2 Kf7 29. Ba6 Bb3 30. Rd3 Ba4 31. Bc4+ Kg6 32. Nb4 f5 33. Nd5 Bc6
34. f3 Bxd5 35. Rxd5 Kf6 36. f4 Ke7 37. Bb5 Bc7 38. Rd2 Rf6 39. d8=Q+ Bxd8 40.
Rd7+ Ke8 41. Rxg7+ Kf8 42. Rd7 Bb6 43. Bd3 Rf7 44. Rd5 Ke7 45. Bxf5 Kf6 46.
Rd6+ Kxf5 47. Rxb6 1-0

[Event "ChessOrg-Schachfestival 2022-Senioren"]
[Site "Bad Woerishofen"]
[Date "2022.03.11"]
[Round "1.14"]
[White "Cordsen, Heinrich"]
[Black "Fiedler, Wolfgang"]
[Result "0-1"]
[WhiteElo "1732"]
[BlackElo "2017"]
[PlyCount "78"]
[EventDate "2022.??.??"]
[WhiteTeam "SK Varel"]
[BlackTeam "SK Zirndorf e.V."]

1. e4 g6 2. d4 Bg7 3. Nf3 d6 4. Bd3 Nc6 5. c3 e5 6. Be3 Bg4 7. d5 Nce7 8. h3
Bd7 9. Qc2 h6 10. g4 g5 11. Nbd2 Ng6 12. O-O-O Nf4 13. Rdg1 Nf6 14. Nf1 c6 15.
dxc6 Bxc6 16. Ng3 Bf8 17. Bxf4 gxf4 18. Nf5 Qc7 19. g5 hxg5 20. Rxg5 O-O-O 21.
Nd2 d5 22. f3 dxe4 23. Nxe4 Nxe4 24. Bxe4 f6 25. Rg2 Bxe4 26. Qxe4 Qd7 27. Rg4
Rh5 28. Nh4 f5 29. Nxf5 Rxf5 30. Rg2 Rh5 31. h4 Rxh4 32. Rhg1 Rh5 33. Re1 Bc5
34. Qc4 Qd5 35. Qxd5 Rxd5 36. Kc2 Be3 37. Rg8+ Rd8 38. Rg7 Rd7 39. Rg8+ Kc7 0-1

[Event "ChessOrg-Schachfestival 2022-Senioren"]
[Site "Bad Woerishofen"]
[Date "2022.03.11"]
[Round "1.15"]
[White "Kainz, Josef"]
[Black "Kumeth, Hartmut"]
[Result "1/2-1/2"]
[WhiteElo "1992"]
[BlackElo "1723"]
[PlyCount "81"]
[EventDate "2022.??.??"]
[WhiteTeam "Gratwein"]
[BlackTeam "SK Union Oldenburg"]

1. d4 Nf6 2. c4 d5 3. Nf3 e6 4. g3 Be7 5. Bg2 O-O 6. O-O Nbd7 7. Qc2 dxc4 8.
Qxc4 c6 9. Bf4 Nd5 10. Bd2 N7b6 11. Qb3 a5 12. a4 Nd7 13. e4 N5f6 14. Nc3 Bb4
15. Qc2 Qe7 16. Rfe1 e5 17. Rad1 exd4 18. Nxd4 Ne5 19. Nf5 Qe6 20. b3 Nfg4 21.
h3 Nf6 22. Ne2 g6 23. Bxb4 axb4 24. Rd6 Qe8 25. Rxf6 gxf5 26. Rh6 fxe4 27. Bxe4
f5 28. Bd3 Nf3+ 29. Kf1 Nxe1 30. Kxe1 Qe5 31. Kf1 Kg7 32. Rh5 Ra5 33. Qd2 Qf6
34. Qxb4 Rd5 35. Nf4 Re5 36. Rh4 Qe7 37. Qc3 Qd6 38. Nh5+ Kf7 39. f4 Re7 40.
Ng7 Qf6 41. Qxf6+ 1/2-1/2

[Event "ChessOrg-Schachfestival 2022-Senioren"]
[Site "Bad Woerishofen"]
[Date "2022.03.11"]
[Round "1.16"]
[White "Rothenhagen, Siegfried"]
[Black "Matzat, Andre"]
[Result "0-1"]
[WhiteElo "1723"]
[BlackElo "1991"]
[PlyCount "98"]
[EventDate "2022.??.??"]
[WhiteTeam "SC Ammersee"]
[BlackTeam "Oberhausener SV 1887 e.V."]

1. d4 Nf6 2. Bf4 e6 3. e3 d5 4. Nf3 Bd6 5. Bg3 b6 6. Bd3 Bb7 7. Nbd2 O-O 8. c3
c5 9. Bxd6 Qxd6 10. O-O Nbd7 11. Qe2 e5 12. dxe5 Nxe5 13. Nxe5 Qxe5 14. Nf3 Qe7
15. Rad1 Rfe8 16. Rfe1 Ne4 17. Bxe4 dxe4 18. Nd2 Rad8 19. Nf1 g6 20. Rxd8 Rxd8
21. Rd1 Kg7 22. Rxd8 Qxd8 23. Qd2 Qxd2 24. Nxd2 Kf6 25. Kf1 Ke5 26. Ke1 b5 27.
a3 Bd5 28. Kd1 a5 29. Kc2 f5 30. b3 b4 31. a4 g5 32. c4 Bc6 33. Kd1 f4 34. Ke2
Be8 35. f3 Bg6 36. g4 fxg3 37. hxg3 exf3+ 38. Nxf3+ Kf5 39. Nd2 Kg4 40. Kf2 Bc2
41. e4 h5 42. Kg2 h4 43. gxh4 gxh4 44. e5 Kf5 45. Kh3 Kxe5 46. Kxh4 Kd4 47. Kg3
Kc3 48. Nf1 Bxb3 49. Ne3 Bxc4 0-1

[Event "ChessOrg-Schachfestival 2022-Senioren"]
[Site "Bad Woerishofen"]
[Date "2022.03.11"]
[Round "1.17"]
[White "Kierzek, Mira"]
[Black "Schestak, Herbert"]
[Result "1-0"]
[WhiteElo "1984"]
[BlackElo "1713"]
[PlyCount "125"]
[EventDate "2022.??.??"]
[WhiteTeam "SC Fulda"]

1. Nf3 d5 2. g3 Nf6 3. Bg2 Bf5 4. O-O e6 5. d3 Be7 6. c4 c6 7. b3 h6 8. Bb2 O-O
9. Qc2 a5 10. a3 Ne8 11. Nbd2 Nd7 12. Rad1 Bf6 13. e4 dxe4 14. dxe4 Bh7 15.
Rfe1 Qc7 16. Bc3 Nd6 17. h3 Rfd8 18. Nh2 Bxc3 19. Qxc3 e5 20. Ng4 f6 21. b4
axb4 22. axb4 Nf8 23. Qb3 Kh8 24. Ne3 Ne6 25. Nc2 Bg8 26. Qc3 Ra7 27. Ra1 Rda8
28. Rxa7 Rxa7 29. Ra1 Qb8 30. h4 Qa8 31. Ra3 Rxa3 32. Nxa3 Nd4 33. Bf1 Qa4 34.
Kg2 Be6 35. Bd3 b6 36. Nc2 Nxc2 37. Bxc2 Qa7 38. Qd3 Qe7 39. Bb3 Nb7 40. Qc3
Qd6 41. Bc2 c5 42. bxc5 bxc5 43. Bd3 Qb6 44. Nf1 Qb4 45. Qc2 Na5 46. Ne3 Qb3
47. Qxb3 Nxb3 48. Nd5 Na5 49. Kf3 Kg8 50. Ke3 Kf7 51. Kd2 Ke8 52. Kc3 Kd7 53.
Kb2 Kd6 54. Kc3 Nc6 55. f4 exf4 56. gxf4 Bxd5 57. exd5 Nd4 58. h5 Nf3 59. Be4
Ng1 60. Kd2 Nh3 61. Ke3 Ng5 62. fxg5 hxg5 63. Kf3 1-0

[Event "ChessOrg-Schachfestival 2022-Senioren"]
[Site "Bad Woerishofen"]
[Date "2022.03.11"]
[Round "1.18"]
[White "Bertram, Thomas"]
[Black "Mueller, Thomas"]
[Result "0-1"]
[WhiteElo "1709"]
[BlackElo "1980"]
[PlyCount "64"]
[EventDate "2022.??.??"]
[WhiteTeam "SF Bad Lausick"]
[BlackTeam "SV Schoemberg"]

1. e4 e6 2. d4 d5 3. e5 c5 4. c3 Nc6 5. Nf3 Qb6 6. Bd3 Bd7 7. O-O cxd4 8. cxd4
Nxd4 9. Nxd4 Qxd4 10. Nc3 Qb6 11. a4 a6 12. a5 Qc7 13. Na4 Bxa4 14. Qxa4+ Qd7
15. Qg4 Ne7 16. Bc2 Nc6 17. Ba4 g6 18. b4 Bg7 19. f4 O-O 20. Ba3 Nxe5 21. Qd1
Nc6 22. Rc1 Rfc8 23. Kh1 Qd8 24. f5 exf5 25. Rc5 Nd4 26. Re1 Rxc5 27. bxc5 Qxa5
28. Bb2 Ne6 29. Bxg7 Kxg7 30. Bd7 Nxc5 31. Qd4+ Kg8 32. Rd1 Nb3 0-1

[Event "ChessOrg-Schachfestival 2022-Senioren"]
[Site "Bad Woerishofen"]
[Date "2022.03.11"]
[Round "1.19"]
[White "Waltenberger, Udo"]
[Black "Antoniacci, Riccardo"]
[Result "1-0"]
[WhiteElo "1977"]
[BlackElo "1706"]
[PlyCount "93"]
[EventDate "2022.??.??"]
[WhiteTeam "SV Eiche Reichenbrand"]

1. Nf3 c5 2. g3 d5 3. Bg2 Nc6 4. d4 e6 5. O-O Nf6 6. c4 Bd6 7. cxd5 exd5 8. Nc3
Be6 9. Nb5 cxd4 10. Nxd6+ Qxd6 11. Nxd4 Nxd4 12. Qxd4 O-O 13. Bg5 Ne8 14. e4
Nc7 15. Bf4 Qd7 16. Bxc7 Qxc7 17. exd5 Rfd8 18. Rfd1 Rd7 19. Rac1 Qa5 20. Qc3
Qxc3 21. bxc3 Rad8 22. c4 b6 23. Re1 Bg4 24. Re3 Kf8 25. a3 Re7 26. h3 Bf5 27.
g4 Bc8 28. c5 Rde8 29. cxb6 axb6 30. Rxe7 Kxe7 31. f4 Bd7 32. Kf2 Kd6 33. Rc3
Bb5 34. Bf3 Bd7 35. h4 h6 36. Re3 Rc8 37. Kg3 Rc5 38. f5 Bb5 39. g5 Bc4 40. f6
hxg5 41. fxg7 gxh4+ 42. Kxh4 Rc8 43. Kg5 Bxd5 44. Rd3 Ke7 45. Bxd5 Rg8 46. Kh6
Kf6 47. Rf3+ 1-0

[Event "ChessOrg-Schachfestival 2022-Senioren"]
[Site "Bad Woerishofen"]
[Date "2022.03.11"]
[Round "1.21"]
[White "Seifert, Werner"]
[Black "Birkestrand, Odd"]
[Result "1-0"]
[WhiteElo "1958"]
[BlackElo "1702"]
[PlyCount "47"]
[EventDate "2022.??.??"]
[WhiteTeam "SC Groebenzell"]
[BlackTeam "Masfjorden Sjakklubb"]

1. e4 e5 2. Nf3 Nc6 3. d4 exd4 4. Nxd4 Qh4 5. Nb5 Bc5 6. Qf3 Bb6 7. Be3 Qd8 8.
Bxb6 axb6 9. N1c3 Nf6 10. Qg3 O-O 11. Nxc7 Ra5 12. Bd3 Ne5 13. N7b5 Nxd3+ 14.
Qxd3 Re8 15. O-O Qe7 16. Nd6 Rd8 17. Ncb5 Qe5 18. b4 Ra8 19. f4 Qh5 20. e5 Ne8
21. Rf3 f6 22. Rh3 Qg6 23. f5 Qg5 24. Qd5+ 1-0

[Event "ChessOrg-Schachfestival 2022-Senioren"]
[Site "Bad Woerishofen"]
[Date "2022.03.11"]
[Round "1.22"]
[White "Goris-Schouwstra, Adry"]
[Black "Goris, Ton"]
[Result "0-1"]
[WhiteElo "1677"]
[BlackElo "1952"]
[PlyCount "106"]
[EventDate "2022.??.??"]

1. d4 b6 2. Nf3 Bb7 3. e3 e6 4. Be2 Nf6 5. O-O Be7 6. Nbd2 O-O 7. c4 d6 8. b3
Nbd7 9. Bb2 c5 10. Rc1 h6 11. h3 Rc8 12. Nh2 cxd4 13. Bxd4 Rc7 14. Ng4 Qa8 15.
Bf3 Rfc8 16. Bxb7 Qxb7 17. Nxf6+ Nxf6 18. Bb2 Qa6 19. a4 Qb7 20. Qe2 Nd7 21.
Rfd1 Bf6 22. Ba3 Nc5 23. Rb1 Rd7 24. Bb2 Bxb2 25. Rxb2 d5 26. Rbb1 Rcd8 27. Nf3
dxc4 28. Rxd7 Qxd7 29. Qxc4 Qd3 30. Qxd3 Rxd3 31. Nd4 a6 32. Kf1 e5 33. Nc6
Rxb3 34. Rxb3 Nxb3 35. Nxe5 Nc5 36. a5 bxa5 37. Ke1 a4 38. Nc4 f5 39. f3 Kf7
40. Kd2 Ke6 41. Kc3 g6 42. g3 Nd7 43. Kd4 g5 44. e4 fxe4 45. fxe4 h5 46. Na3
Ne5 47. Kc3 Nf3 48. Nc4 Ng1 49. Nb6 Ne2+ 50. Kb4 Nxg3 51. Kxa4 g4 52. hxg4 h4
53. Nd5 Ke5 0-1

[Event "ChessOrg-Schachfestival 2022-Senioren"]
[Site "Bad Woerishofen"]
[Date "2022.03.11"]
[Round "1.23"]
[White "Krueger, Norbert"]
[Black "Kelemen, Norbert"]
[Result "1/2-1/2"]
[WhiteElo "1946"]
[BlackElo "1647"]
[PlyCount "108"]
[EventDate "2022.??.??"]
[WhiteTeam "Ratinger SK 1950"]
[BlackTeam "SC Weiße Dame Ulm e.V."]

1. e4 c5 2. c3 d5 3. exd5 Qxd5 4. d4 cxd4 5. cxd4 Nc6 6. Nf3 Nf6 7. Nc3 Qd8 8.
d5 Nb8 9. Bc4 g6 10. O-O Bg7 11. Bf4 O-O 12. Qe2 a6 13. a4 Re8 14. Rfd1 Bg4 15.
h3 Bxf3 16. Qxf3 Nbd7 17. Re1 Nc5 18. b4 Ncd7 19. Rac1 Rc8 20. Bb3 Nb6 21. a5
Nc4 22. Qd3 Nd6 23. Na4 Nd7 24. Rxc8 Nxc8 25. Qc2 Nd6 26. Nc5 Nxc5 27. Qxc5 Nb5
28. Rd1 Bf8 29. Qc4 Nd6 30. Qd3 Qd7 31. Rc1 Bg7 32. Rc5 Rd8 33. Qc2 Bf8 34. Ba4
Qf5 35. Qxf5 Nxf5 36. Rc7 e5 37. dxe6 fxe6 38. Rxb7 Rd4 39. Bc7 Rxb4 40. Rxb4
Bxb4 41. Bb3 Kf7 42. Bc4 Nd4 43. Bxa6 Nc6 44. Bc8 Bxa5 45. Bxa5 Nxa5 46. g3 Nb3
47. Ba6 Kf6 48. Kg2 g5 49. Kf3 e5 50. Kg4 h6 51. Bd3 Nd4 52. Be4 Ne6 53. Kh5
Kg7 54. Kg4 Kf6 1/2-1/2

[Event "ChessOrg-Schachfestival 2022-Senioren"]
[Site "Bad Woerishofen"]
[Date "2022.03.11"]
[Round "1.24"]
[White "Wraga, Hermann"]
[Black "Walther, Reinhard"]
[Result "0-1"]
[WhiteElo "1641"]
[BlackElo "1945"]
[PlyCount "30"]
[EventDate "2022.??.??"]
[WhiteTeam "SG Osnabrueck"]
[BlackTeam "SK 1911 Herzogenaurach e.V."]

1. e4 e5 2. d3 Nf6 3. g3 d5 4. Nd2 dxe4 5. dxe4 Nc6 6. Bg2 Bg4 7. Ngf3 Bc5 8.
O-O Qd7 9. a3 h5 10. c3 h4 11. Qc2 hxg3 12. hxg3 Nh5 13. Nc4 Bxf3 14. Bxf3 Nxg3
15. Rd1 Qh3 0-1

[Event "ChessOrg-Schachfestival 2022-Senioren"]
[Site "Bad Woerishofen"]
[Date "2022.03.11"]
[Round "1.25"]
[White "Schwis, Joachim"]
[Black "Budde, Reinhard"]
[Result "1-0"]
[WhiteElo "1931"]
[BlackElo "1630"]
[PlyCount "89"]
[EventDate "2022.??.??"]
[WhiteTeam "SK Suelz-Klettenberg"]
[BlackTeam "SG Enger-Spenge"]

1. c4 Nf6 2. Nc3 g6 3. g3 Bg7 4. Bg2 a6 5. d4 d6 6. Nf3 Nbd7 7. O-O O-O 8. e4
c5 9. Bg5 Qc7 10. d5 Nb6 11. Nd2 e6 12. f3 e5 13. Rb1 Bd7 14. b3 Qc8 15. Be3
Bh3 16. Rf2 Bxg2 17. Kxg2 Nbd7 18. b4 b6 19. Qa4 Rb8 20. Qc6 Ne8 21. bxc5 dxc5
22. Qxc8 Rxc8 23. Na4 Nef6 24. Nxb6 Rb8 25. Nxd7 Nxd7 26. Nb3 Rfc8 27. Rfb2 Bf8
28. Na5 Rxb2+ 29. Rxb2 Rb8 30. Rxb8 Nxb8 31. Nb7 Nd7 32. d6 a5 33. Bxc5 Nxc5
34. Nxc5 Bxd6 35. Nd3 f6 36. Kf2 Kf7 37. Ke2 Ke7 38. c5 Bc7 39. Nb2 Kd7 40. Kd3
Kc6 41. Kc4 Bd8 42. Nd3 Be7 43. f4 exf4 44. gxf4 Bd8 45. e5 1-0